000
00285nam a22001337a 4500
008
170615b xxu||||| |||| 00| 0 eng d
020
_a
9780833037046
041
_a
eng
080
_a
94
100
_a
16
101
_a
SHH
245
_a
DISSUADING TERROR
_c
CRAGIN,K
942
_2
udc
_c
BK
999
_c
17456
_d
17456